000 00810nam a2200205 a 4500
001 000897167
003 AM-YeHGA
005 20250617161920.0
008 120531s1953 ru r 000 0 rus d
040 _aAM-YeHGA
041 1 _arus
100 1 _aЧагылган, И.
_d1914-1952
_gВинокуров, Илья Дорофеевич
245 1 0 _aИзбранные стихи :
_bПеревод с якутского /
_cИ. Чагылган; Рис. А.Ф. Тарана.
260 _aМосква :
_aЯкутск :
_bЯкутское кн. изд-во,
_c1953.
300 _a119 стр. :
_bилл., портр. ;
_c21 см.
650 1 4 _aЯкутская литература
_xПоэзия
700 1 _aТаран, А.Ф.
_eхудож.
_4art
740 0 _aВеликая клятва
090 _c483124
999 _c479777
_d479777